MDQL
is popping MORE tags! Check the
thread
!
Quizzes
Events
Quiz Creation
Community
Videos
Private Events
Remove Ads
Sign In
Join for FREE
Feedback
Dark Mode
Quiz Categories
Sports
Geography
Music
Movies
Television
Just For Fun
Miscellaneous
History
Literature
Language
Science
Gaming
Entertainment
Religion
Holiday
For Kids
Quiz Lab
Recent
Popular Today
Quiz Kudos Today
Editor Picks
Curator Picks
Quizzes by...
Day
Popularity
Type
Ratings
Length
Year
Community
Subscriptions
Recent Discussions
Orange Saloon
Badges
Playlists
Quests
Create
Leaderboards
Showdown
Live 5
Trivia Bingo
Activity
Puzzle Library
Sporcle Events
Private Events
Virtual Trivia
Globe League
Become a Host
Pub Owners
SporcleCon
Opinionation
Our Games
Videos
Blog
Mobile Apps
Partnerships
Remove Ads and Go Orange
Feedback
Geography
Country
Landmarks
City
State
Population
World
Capital
Continent
Flags
Europe
Africa
Asia
South America
North America
Oceania
Border
Canada
United Kingdom
Topography
United States
Geography
Country
Landmarks
City
State
Population
World
Capital
Continent
Flags
Europe
Africa
Asia
South America
North America
Oceania
Border
Canada
United Kingdom
Topography
United States
Random Quiz
Search Sporcle
×
Quiz Lab
Quiz Lab
Geography
Letter
Type in answers that appear in a list
Type in answers that appear in a list
Classic
Best Score? Go Orange.
Country Endings Stats
Can you name the countries that end in each letter?
By
wasting2muchtime
8m
62 Questions
228 Plays
228 Plays
228 Plays
Comments
Comments
Give Quiz Kudos
Give Quiz Kudos
-
- Ratings
hide this ad
More Info
Replay
Link that replays current quiz
Next Quiz
Link to next quiz in quiz playlist
You Got
0%
They Got
Avg Score
77%
Avg Friend Score
Upgrade to see
Score Distribution
Jump to the score distribution portion of the page
Score
0/62
Timer
08:00
0
Plays Today
% Correct
Afghanistan
90.4%
Pakistan
89.9%
Oman
86.4%
Dominican Republic
85.1%
Czech Republic
84.2%
Central African Republic
83.3%
Democratic Republic of the Congo
83.3%
Lesotho
83.3%
Iran
83.3%
Japan
83.3%
Yemen
83.3%
Turkmenistan
82.9%
Kosovo
82.5%
Togo
82.5%
Uruguay
81.6%
Kazakhstan
81.1%
Tajikistan
80.7%
Paraguay
80.7%
Republic of the Congo
80.3%
Nauru
79.8%
Uzbekistan
79.8%
Germany
79.8%
Azerbaijan
79.4%
Bahrain
79.4%
Jordan
79.4%
Kyrgyzstan
79.4%
Kuwait
79.4%
Hungary
79.4%
Monaco
78.9%
Palau
78.9%
Vanuatu
78.9%
% Correct
Morocco
78.5%
Benin
78.5%
Mexico
78.1%
Tuvalu
78.1%
Italy
77.6%
Norway
77.2%
Lebanon
76.3%
Peru
75.9%
Turkey
75%
Vatican City
75%
Bhutan
74.6%
Sudan
74.6%
Sweden
74.6%
Egypt
74.1%
Montenegro
72.8%
Spain
72.8%
Taiwan
72.8%
Liechtenstein
71.5%
Ecuador
71.5%
Trinidad and Tobago
71.1%
Gabon
70.6%
Myanmar
70.6%
San Marino
69.7%
South Sudan
69.7%
Qatar
69.7%
Niger
69.3%
Guinea-Bissau
68.4%
Burkina Faso
66.7%
Cameroon
66.7%
El Salvador
66.2%
Madagascar
59.2%
Quiz Playlist
Details
Report
Send in Message
Add To Playlist
More Info:
Credit to Kekort2, this is just a redo of his/her quiz. All credit for the idea goes to him/her.
Classic:
Type in answers that appear in a list
Last Updated: Feb 16, 2017
Quiz Scoreboard
CHALLENGE
Sign Up to Join the Scoreboard
Show All
Scores
Hide
Comments
May contain spoilers
Recently Published
Holiday 10x10 Sorting Gallery
by lukepisani3
Holiday
15m
Two Season TV Shows II
by 123Four
Television
10m
Image Sorting: Flags VI
by Barbecue
Geography
2m
More to Explore
Quiz From the Vault
Featured Blog Post
14 Easter Pick-up Lines to Find Eggs With
hide this ad
You Might Also Like...
Tags
Country Quiz
Letter Quiz
Ending
Ends With
Today's Top Quizzes in Geography
Browse Geography
hide this ad
Today's Top Quizzes in Letter
Browse Letter
Top Contributed Quizzes in Geography
1
Colored Red Europe Blitz I
2
Countries of the World - No Outlines Minefield
3
Colored Red Africa Blitz II
4
Colored Red Europe Blitz II
5
Colored Red Europe Blitz III
6
Colored Red Africa Blitz III
7
Colored Red States Blitz I
8
A Different View: World Oceans
9
Colored Red States Blitz II
10
Colored Red States Blitz III
Explore More
Trending Topics
Harry Potter
NBA
Kpop
Disney
Marvel
Crossword
Anime
Puzzle
The Office
Soccer
Pokémon
Country
WWE
NFL
Song
hide this ad
More By:
wasting2muchtime
Quiz
Plays
Rating
Category
Featured
Created
First 300 Words: Declaration of Independence
41,703
4.43
History
May 31, 2011
NCAA D1 Non-Major Conference Teams (Basketball)
8,507
4.56
Sports
Nov 7, 2011
NCAA D1 Colleges Without a State Name
3,072
4.08
Sports
Nov 8, 2011
2011 NBA Playoff Rosters
934
4.00
Sports
Apr 18, 2011
Countries and Capitals without 'A'
512
4.00
Geography
Jan 10, 2011
Go to Creator's Profile
Score Distribution
Quiz Creator Spotlight
wasting2muchtime
Follow
Send a Message
Quizzes Created
-
Created Quiz Play Count
-
More By This Creator
Popular Quizzes Today
1
Find the US States - No Outlines Minefield
2
Colored Red Africa Blitz
3
Find the 'City' Movie
4
The Countries of the World
5
Find the US States
6
5x2 Blitz: Bands
7
Find the Countries of Europe - No Outlines Minefield
8
US States
More Geography Quizzes
All about... Shanghai
Curator's Pick
Trending Quizzes
Colored Red Europe Blitz I
Colored Red Europe Blitz II
Colored Red Africa Blitz II
Colored Red Africa Blitz III
Colored Red Europe Blitz III
Recently Updated
Odd Team Out - Big 4 Players
pecheneg
Quick Pick: 20 Twenties
pecheneg
March Madness Men's Triple Doubles
pecheneg
How Do You Spell That?
pecheneg
Godzilla Movies
pecheneg
Grab Bag: 4-10 Letters
pecheneg
2024 March Madness Bracket
pecheneg
Famous TV Couples
Peacemaker
Champions League XIs: Real Madrid
pecheneg
Largest US Cities 1790-2010
pecheneg
Trending Topics
Anime
Crossword
Kpop
NBA
Marvel
Harry Potter
Disney
NFL
Song
Soccer
WWE
Pokémon
The Office
Puzzle
Country
Your Account Isn't Verified!
In order to create a playlist on Sporcle, you need to verify the email address you used during registration. Go to your
Sporcle Settings
to finish the process.
Report this User
Report this user for behavior that violates our
Community Guidelines
.
Details:
Send Report
Go to the Sporcle.com Mobile Site →
Comments